| 000 | 00410nam a22001337a 4500 | ||
|---|---|---|---|
| 999 |
_c512477 _d512477 |
||
| 008 | 191126b ||||| |||| 00| 0 eng d | ||
| 100 |
_aYadav, Kunal Kumar _913822 |
||
| 245 | _aChanging caste-class equations: Emergence of a new politics in India | ||
| 260 | _bMainstream | ||
| 300 | _a57(45), 26 Oct, 2019: p.13-14. | ||
| 773 | _aMainstream | ||
| 906 | _aIndia - Politics and government | ||
| 942 |
_2ddc _cAR |
||